[Event "Belorechensk RUS"]
[Site "?"]
[Date "2005.06.??"]
[Round "?"]
[White "Skorchenko Dmitry"]
[Black "Savchenko Boris"]
[Result "0-1"]
[WhiteElo "2464"]
[BlackElo "2543"]
[PlyCount "82"]
[EventDate "2005.??.??"]
[Source "www.chesslib.no"]
[SourceDate "2004.05.04"]

1. e4 b6 2. d4 Bb7 3. Bd3 Nf6 4. Qe2 Nc6 5. c3 e5 6. Nf3 exd4 7. e5 Nd5 8. Be4 d3 9. Qxd3 Nde7 10. Bf4 Ng6 11. Bxg6 hxg6 12. Nbd2 Qe7 13. O-O-O O-O-O 14. Rhe1 Qe6 15. Nc4 Be7 16. Kb1 Qf5 17. Qxf5 gxf5 18. Ne3 Rh5 19. h4 Re8 20. Bg3 Nd8 21. Ng5 Bxg5 22. hxg5 Rxg5 23. Bh4 Rh5 24. Bxd8 Kxd8 25. f4 Be4+ 26. Kc1 Reh8 27. Kd2 Rh2 28. Rg1 R8h4 29. Rdf1 g5 30. fxg5 f4 31. Nd1 Bxg2 32. Rf2 Bf3 33. Rgf1 Ke7 34. c4 Bxd1 35. Kxd1 Rxf2 36. Rxf2 Ke6 37. Kd2 Rg4 38. Kd3 Kf5 39. Rh2 Rg3+ 40. Kd2 Rxg5 41. Rh7 Ke6 0-1

[Event "35th World Open"]
[Site "King of Prussia USA"]
[Date "2007.06.03"]
[Round "6"]
[White "Arakhamia, K."]
[Black "Ivanov, AV USA."]
[Result "1/2-1/2"]
[WhiteElo "2435"]
[BlackElo "2565"]
[PlyCount "111"]
[EventDate "2007.06.30"]
[Source "www.chesslib.no"]
[SourceDate "2004.05.04"]

1. e4 b6 2. d4 Bb7 3. Nc3 e6 4. Nf3 Bb4 5. Bd3 Nf6 6. Qe2 d5 7. e5 Ne4 8. O-O Nxc3 9. bxc3 Be7 10. Ne1 c5 11. Qg4 g6 12. Bh6 Nc6 13. Nf3 c4 14. Be2 Bf8 15. Bg5 Be7 16. h4 h6 17. Bxe7 Qxe7 18. h5 O-O-O 19. hxg6 Rdg8 20. Qh4 Qxh4 21. Nxh4 fxg6 22. Bg4 Kd7 23. f4 Ne7 24. a4 Nf5 25. Bxf5 gxf5 26. Kf2 a5 27. Rh1 Bc6 28. Rh3 Kc7 29. Nf3 Rg6 30. g3 Rgg8 31. Ke2 Rg6 32. Nh4 Rgg8 33. Ng2 Ra8 34. Ne3 h5 35. Ng2 b5 36. axb5 Bxb5 37. Nh4 a4 38. Ra3 Be8 39. Nf3 Rb8 40. Ng5 Rh6 41. Rh1 Rb6 42. Raa1 Kc8 43. Kd2 Kc7 44. Kc1 Rh8 45. Ra3 Rh6 46. Ra2 Kc8 47. Rb2 Rxb2 48. Kxb2 Kd7 49. Ka3 Ke7 50. Rb1 Bd7 51. Rb7 h4 52. gxh4 Rxh4 53. Ra7 Rh8 54. Kb4 Rb8+ 55. Ka3 Rh8 56. Kb4 1/2-1/2

[Event "FIDE Wch qual"]
[Site "Internet"]
[Date "2001.??.??"]
[Round "2"]
[White "Marciano, David"]
[Black "Blatny, Pavel"]
[Result "1-0"]
[WhiteElo "2513"]
[BlackElo "2478"]
[PlyCount "91"]
[EventDate "2001.10.??"]
[Source "ChessBase"]
[SourceDate "2002.01.21"]

1. e4 b6 2. d4 Bb7 3. Bd3 Nf6 4. Qe2 Nc6 5. c3 e5 6. Nf3 exd4 7. e5 Nd5 8. Be4 Na5 9. Nxd4 c5 10. Nf5 g6 11. Qf3 gxf5 12. Bxd5 Qc7 13. O-O Bxd5 14. Qxd5 Qc6 15. Qd3 Rg8 16. g3 Qe6 17. Bf4 c4 18. Qf3 Nc6 19. Nd2 Rc8 20. b3 Na5 21. b4 Nc6 22. Rfe1 Rg4 23. Nf1 Ne7 24. Ne3 Rg6 25. Rad1 Qc6 26. Qxc6 Rcxc6 27. Rd4 b5 28. Red1 f6 29. exf6 Rcxf6 30. a4 a6 31. Rxd7 Re6 32. axb5 axb5 33. Rb7 Rb6 34. Rdd7 Rgc6 35. Bg5 Rxb7 36. Rxb7 f4 37. Bxf4 Kf7 38. Rxb5 Bg7 39. Be5 Bxe5 40. Rxe5 Ng6 41. Re4 Ne7 42. Rxc4 Rxc4 43. Nxc4 Nd5 44. Nd6+ Ke6 45. Ne4 Ke5 46. f3 1-0

[Event "10. Open"]
[Site "?"]
[Date "1999.06.30"]
[Round "6"]
[White "Zelcic Robert"]
[Black "Filipovic Branko"]
[Result "1/2-1/2"]
[WhiteElo "2554"]
[BlackElo "2434"]
[PlyCount "127"]
[EventDate "1999.??.??"]
[Source "www.chesslib.no"]
[SourceDate "2004.05.04"]

1. e4 b6 2. d4 Bb7 3. Bd3 e6 4. Nf3 c5 5. c3 Nf6 6. Qe2 Be7 7. O-O Nc6 8. a3 Na5 9. e5 Nd5 10. c4 Nb3 11. cxd5 Bxd5 12. Be4 Nxa1 13. Bxd5 exd5 14. Nc3 Nb3 15. Be3 cxd4 16. Bxd4 O-O 17. Nxd5 Nxd4 18. Nxd4 g6 19. Qg4 Kh8 20. Rd1 Rc8 21. h4 Bxh4 22. Nf3 Be7 23. Nf4 f5 24. exf6 Rxf6 25. Ne5 d6 26. Nd5 Rf5 27. Qxf5 gxf5 28. Nf7+ Kg7 29. Nxd8 Bxd8 30. Ne3 f4 31. Nf5+ Kg6 32. Nxd6 Rc2 33. Ne4 Bh4 34. b4 Kf5 35. f3 Bg3 36. Kf1 Ra2 37. Rd5+ Ke6 38. Rh5 Rxa3 39. Ke2 Ra2+ 40. Kd3 Rxg2 41. Rxh7 Ra2 42. Nc3 Rb2 43. b5 Be1 44. Ne4 Rxb5 45. Rxa7 Rb3+ 46. Kc4 Rb4+ 47. Kd3 Rb3+ 48. Kc4 Rb4+ 49. Kd3 Bh4 50. Kc3 Rb1 51. Rb7 Bd8 52. Nc5+ Kf5 53. Nb3 Re1 54. Nd4+ Kg5 55. Rg7+ Kf6 56. Rg2 Bc7 57. Re2 Rc1+ 58. Kd2 Rc5 59. Re6+ Kf7 60. Kd3 Rd5 61. Rc6 Be5 62. Ke4 Rxd4+ 63. Kxe5 Rb4 64. Rf6+ 1/2-1/2

[Event "Tch (Men) 2005/2006 CRO"]
[Site "?"]
[Date "2006.05.10"]
[Round "1.2"]
[White "Palac Mladen"]
[Black "Filipovic Branko"]
[Result "1-0"]
[WhiteElo "2561"]
[BlackElo "2420"]
[PlyCount "27"]
[EventDate "2006.??.??"]
[Source "www.chesslib.no"]
[SourceDate "2004.05.04"]

1. e4 b6 2. d4 Bb7 3. Bd3 Nf6 4. Qe2 e6 5. Nf3 d5 6. e5 Nfd7 7. Ng5 g6 8. h4 Bg7 9. h5 h6 10. hxg6 hxg5 11. Rxh8+ Bxh8 12. Qh5 Bg7 13. gxf7+ Kf8 14. Bxg5 1-0

[Event "Garcia mem Premier"]
[Site "Santa Clara"]
[Date "1998.05.30"]
[Round "6"]
[White "Martin del Campo, Roberto"]
[Black "Garcia Ilundain, David"]
[Result "1/2-1/2"]
[WhiteElo "2485"]
[BlackElo "2495"]
[PlyCount "24"]
[EventDate "1998.05.24"]
[Source "ChessBase"]
[SourceDate "1998.09.30"]

1. e4 b6 2. d4 Bb7 3. Nc3 e6 4. a3 g6 5. Nf3 Bg7 6. Bg5 Ne7 7. Qd2 h6 8. Be3 d6 9. h4 Nd7 10. Bd3 Nf6 11. Bf4 a6 12. O-O-O b5 1/2-1/2

[Event "14th Asian Cities"]
[Site "Tagaytay City"]
[Date "2004.03.24"]
[Round "6"]
[White "Mahjoob, Morteza"]
[Black "Torre, Eugenio"]
[Result "0-1"]
[WhiteElo "2457"]
[BlackElo "2521"]
[PlyCount "70"]
[EventDate "2004.03.21"]
[Source "Roberto Alvarez"]
[SourceDate "2004.03.29"]

1. e4 b6 2. d4 Bb7 3. Bd3 Nf6 4. Nd2 e6 5. Ngf3 c5 6. e5 Nd5 7. dxc5 Bxc5 8. Ne4 Be7 9. c4 Nb4 10. Bb1 Qc7 11. b3 Bxe4 12. Bxe4 N8c6 13. a3 Na6 14. b4 Rd8 15. Bb2 Nab8 16. Qc2 h6 17. O-O O-O 18. Rfd1 d6 19. exd6 Rxd6 20. Rxd6 Bxd6 21. Qc3 f6 22. c5 bxc5 23. bxc5 Be7 24. Qc4 Nd8 25. Rc1 Nd7 26. Bd4 f5 27. Ba8 Kh7 28. Qc3 Nf7 29. Qb3 Nxc5 30. Bxc5 Bxc5 31. Qxe6 Bxf2+ 32. Kxf2 Qxc1 33. Qxf5+ g6 34. Qf6 Qc5+ 35. Kg3 Qc7+ 0-1

[Event "BL2-W 9293"]
[Site "GER"]
[Date "1992.??.??"]
[Round "?"]
[White "Dueball, Juergen"]
[Black "Kengis, Edvins"]
[Result "1/2-1/2"]
[WhiteElo "2400"]
[BlackElo "2575"]
[PlyCount "93"]
[EventDate "1992.10.??"]
[Source "www.chesslib.no"]
[SourceDate "2004.05.04"]

1. e4 b6 2. d4 Bb7 3. Bd3 e6 4. Nf3 c5 5. c3 Nf6 6. Qe2 Be7 7. O-O Nc6 8. a3 Na5 9. Nbd2 c4 10. Bc2 Qc7 11. Re1 b5 12. d5 e5 13. b4 cxb3 14. Nxb3 Nc4 15. Nbd2 O-O 16. Nxc4 bxc4 17. Rb1 Rfb8 18. a4 Ba6 19. Bd2 Rxb1 20. Rxb1 Rb8 21. Qd1 Bc5 22. h3 d6 23. Nh2 Rxb1 24. Qxb1 Bb6 25. Nf1 Nh5 26. g3 Bc8 27. h4 Nf6 28. Bd1 Ng4 29. Bxg4 Bxg4 30. Be3 Ba5 31. Qb2 Bd7 32. Nd2 h6 33. Qa2 Bxc3 34. Qxc4 Qa5 35. Nb3 Qb4 36. Qxb4 Bxb4 37. Bxa7 Bxa4 38. Nc1 Bd2 39. Ne2 Bb5 40. Kf1 Kf8 41. f3 f5 42. exf5 Bc4 43. Kf2 Bxd5 44. Be3 Bb4 45. f6 h5 46. fxg7+ Kxg7 47. g4 1/2-1/2

[Event "Paris APSAP"]
[Site "Paris FRA"]
[Date "1994.??.??"]
[Round "7"]
[White "Relange, Eloi"]
[Black "Minasian, Artashes"]
[Result "0-1"]
[WhiteElo "2430"]
[BlackElo "2545"]
[PlyCount "72"]
[EventDate "1994.12.??"]
[Source "www.chesslib.no"]
[SourceDate "2004.05.04"]

1. e4 b6 2. d4 Bb7 3. Bd3 Nf6 4. Nd2 e6 5. Ngf3 c5 6. c3 cxd4 7. cxd4 d5 8. e5 Nfd7 9. Qe2 Be7 10. O-O Qc8 11. Nb1 Ba6 12. Bg5 Bxd3 13. Qxd3 Qa6 14. Qc2 Nc6 15. Bxe7 Nxe7 16. Na3 b5 17. Qd3 Rb8 18. Nc2 Qb7 19. h4 h6 20. h5 O-O 21. Nh4 b4 22. Qh3 Rbc8 23. Ne3 Qb6 24. Rad1 f5 25. f4 Nb8 26. g4 Nbc6 27. gxf5 Nxd4 28. f6 gxf6 29. Rxd4 Qxd4 30. Qxe6+ Kh8 31. exf6 Qxf6 32. Qxf6+ Rxf6 33. f5 Rg8+ 34. Ng6+ Nxg6 35. hxg6 Rgf8 36. Rf4 Rxg6+ 0-1

[Event "Bled op"]
[Site "Bled"]
[Date "1999.03.27"]
[Round "8"]
[White "Sermek, Drazen"]
[Black "Filipovic, Branko"]
[Result "1-0"]
[WhiteElo "2540"]
[BlackElo "2434"]
[PlyCount "69"]
[EventDate "1999.03.20"]
[Source "ChessBase"]
[SourceDate "1999.05.10"]

1. e4 b6 2. d4 Bb7 3. Bd3 e6 4. Nf3 c5 5. c3 Nf6 6. Qe2 Be7 7. O-O Nc6 8. a3 Na5 9. Nbd2 c4 10. Bc2 Qc7 11. Re1 O-O 12. Rb1 Rae8 13. Nf1 d6 14. Ng3 e5 15. Nf5 Kh8 16. Bg5 Ng8 17. h4 Bxg5 18. hxg5 g6 19. Ne3 f6 20. Rbd1 b5 21. Rd2 fxg5 22. dxe5 dxe5 23. Nxg5 h6 24. Nf3 Bc6 25. Nd5 Qf7 26. Qe3 Re6 27. Nb4 g5 28. Red1 Nf6 29. Rd6 Be8 30. Rxe6 Qxe6 31. Qxa7 Nb3 32. Qc7 Bh5 33. Rd6 Ne8 34. Rxe6 Nxc7 35. Rxh6+ 1-0

[Event "Paris"]
[Site "Paris"]
[Date "1994.??.??"]
[Round "9"]
[White "Lamoureux, Charles"]
[Black "Minasian, Artashes"]
[Result "0-1"]
[WhiteElo "2425"]
[BlackElo "2545"]
[PlyCount "66"]
[EventDate "1994.04.??"]
[Source "ChessBase"]

1. e4 b6 2. d4 Bb7 3. Nc3 e6 4. Bd3 Nf6 5. Nge2 c5 6. Bg5 h6 7. Bh4 Nc6 8. d5 Ne5 9. f4 Neg4 10. Qd2 c4 11. Bxc4 Bc5 12. Bb3 Ba6 13. Nd4 Nxe4 14. Nxe4 Qxh4+ 15. g3 Qh3 16. O-O-O O-O 17. Nxc5 bxc5 18. Nf3 c4 19. Ba4 Bb7 20. Qe2 Nf6 21. dxe6 dxe6 22. Rhe1 c3 23. b3 Bxf3 24. Qxf3 Rac8 25. Rd3 Ng4 26. Rh1 Rfd8 27. Rxd8+ Rxd8 28. Qxc3 Qg2 29. Re1 Qxh2 30. Bc6 Rc8 31. Rd1 Qf2 32. Qc4 Ne3 33. Qa6 Qxc2# 0-1

[Event "Vrbas"]
[Site "Vrbas"]
[Date "1977.??.??"]
[Round "2"]
[White "Matulovic, Milan"]
[Black "Sahovic, Dragutin"]
[Result "1/2-1/2"]
[WhiteElo "2510"]
[BlackElo "2460"]
[PlyCount "64"]
[EventDate "1977.05.??"]
[Source "ChessBase"]

1. e4 b6 2. d4 Bb7 3. f3 d5 4. e5 Qd7 5. c3 Ba6 6. Bxa6 Nxa6 7. Qe2 Nb8 8. f4 e6 9. Nf3 h5 10. Be3 Nh6 11. Nbd2 Nf5 12. Bf2 Nc6 13. O-O Be7 14. b4 a5 15. b5 Na7 16. a4 c6 17. c4 cxb5 18. cxb5 Rc8 19. Rfc1 Rxc1+ 20. Rxc1 O-O 21. Rc2 Rc8 22. Qd1 Rxc2 23. Qxc2 Qc8 24. Qxc8+ Nxc8 25. Nf1 Bb4 26. Ne3 Nxe3 27. Bxe3 Ne7 28. Nh4 Nf5 29. Nxf5 exf5 30. Kf2 Kh7 31. Ke2 Kg6 32. Bf2 Be7 1/2-1/2

[Event "Jch-RUS b20"]
[Site "Essentuki"]
[Date "2003.03.05"]
[Round "4"]
[White "Panarin, Michail"]
[Black "Gazarian, Aram"]
[Result "0-1"]
[WhiteElo "2437"]
[BlackElo "2532"]
[PlyCount "50"]
[EventDate "2003.03.02"]
[Source "Roberto Alvarez"]
[SourceDate "2003.03.10"]

1. e4 b6 2. d4 Bb7 3. Nd2 g6 4. f4 Bg7 5. Ngf3 e6 6. Bd3 Ne7 7. h4 h5 8. f5 gxf5 9. exf5 Nxf5 10. Bxf5 exf5 11. O-O d6 12. c3 Nc6 13. Ng5 Ne7 14. Re1 Qd7 15. Nf1 O-O-O 16. Nxf7 Rhg8 17. Bg5 Rde8 18. Qxh5 Ng6 19. Rxe8+ Qxe8 20. Nd8 Bxg2 21. Ng3 Bd5 22. Rf1 Rh8 23. Bh6 Bxh6 24. Qxf5+ Kxd8 25. Qxd5 Be3+ 0-1

[Event "CZE-ch"]
[Site "Opava"]
[Date "2000.05.27"]
[Round "6"]
[White "Velicka, Petr"]
[Black "Polak, Tomas"]
[Result "1/2-1/2"]
[WhiteElo "2458"]
[BlackElo "2503"]
[PlyCount "22"]
[EventDate "2000.05.22"]
[Source "ChessBase"]
[SourceDate "2000.07.11"]

1. e4 b6 2. d4 Bb7 3. Nc3 e6 4. Nf3 Bb4 5. Bd3 Nf6 6. Qe2 d5 7. exd5 Nxd5 8. Bd2 Nd7 9. O-O Nxc3 10. bxc3 Be7 11. Bf4 O-O 1/2-1/2